000 00405nam a22001697a 4500
005 20160521104945.0
008 160521b xxu||||| |||| 00| 0 eng d
020 _a81-7649754-4
041 _aeng
082 _b3696
100 _aJ.Beldoes M.Z.Bibby
_9927
245 _aPrinciples of Metal Manufecture Proces
260 _bviva B.
300 _a308
650 _aDIPLOMA ENGINEERING
_9817
942 _cBK
999 _c1267
_d1267